| Tag |
First Indicator |
Second Indicator |
Subfields |
| LEADER |
00000cam a2200000 a 4500 |
| 001 |
in00000085062 |
| 005 |
20151008054453.0 |
| 008 |
740614s1912 enk b 00110 eng d |
| 035 |
|
|
|a (OCoLC)00918302
|
| 035 |
|
|
|9 AAJ0757AM
|
| 040 |
|
|
|a CSU
|c CSU
|d m.c.
|d TXA
|d UtOrBLW
|
| 049 |
|
|
|a TXAM
|c [1632973]
|
| 082 |
0 |
|
|a 144
|
| 090 |
|
|
|a B821
|b .S4 1912
|
| 100 |
1 |
|
|a Schiller, F. C. S.
|q (Ferdinand Canning Scott),
|d 1864-1937.
|
| 245 |
1 |
0 |
|a Studies in humanism /
|c by F.C.S. Schiller.
|
| 250 |
|
|
|a 2nd ed.
|
| 264 |
|
1 |
|a London :
|b Macmillan,
|c 1912.
|
| 300 |
|
|
|a xix, 492 pages ;
|c 23 cm.
|
| 336 |
|
|
|a text
|b txt
|2 rdacontent
|
| 337 |
|
|
|a unmediated
|b n
|2 rdamedia
|
| 338 |
|
|
|a volume
|b nc
|2 rdacarrier
|
| 500 |
|
|
|a "Of the essays which compose this volume about half have appeared in various periodicals, Mind, The Hibbert Journal, The Quarterly Review, The Fortnightly Review, and The Journal of Philosophy, during the past three years."- Pref.
|
| 504 |
|
|
|a Includes bibliographical references and index.
|
| 650 |
|
0 |
|a Humanism.
|
| 999 |
|
|
|a MARS
|
| 999 |
f |
f |
|s 8763e509-1521-3bc6-b1d9-9162c1ff8b52
|i 8ffcc751-b38a-37e6-8f43-c96d076db21c
|t 0
|
| 952 |
f |
f |
|p ric
|a Texas A&M University
|b Rellis Campus
|c Joint Library Facility
|d Remote Storage
|t 0
|e B821 .S4 1912
|h Library of Congress classification
|i unmediated -- volume
|m A14806078919
|
| 998 |
f |
f |
|a B821 .S4 1912
|t 0
|l Remote Storage
|